Normal view
MARC view
Entry Topical Term
001 - CONTROL NUMBER
- control field: 25402
003 - CONTROL NUMBER IDENTIFIER
- control field: OSt
005 - DATE AND TIME OF LATEST TRANSACTION
- control field: 20230607093024.0
008 - FIXED-LENGTH DATA ELEMENTS
- fixed length control field: 230607|| aca||aabn | a|a d
040 ## - CATALOGING SOURCE
- Original cataloging agency: OSt
- Transcribing agency: OSt
150 ## - HEADING--TOPICAL TERM
- Topical term or geographic name entry element: ပုတ်ႉထၽႃႇသႃႇ - ၶေႃႈထၢမ်တွပ်ႇ
670 ## - SOURCE DATA FOUND
- Source citation: Work cat.: (OSt): တၢင်းၵႄး၊ လုင်း။ 17305, ထမ်ႇမရသႃႇ တေးၵပျႃႇ ပပ်ႉမၢႆသွင် /, 1962 ။